Το φυσικό περιβάλλον στην ορθόδοξη πίστη

Αποθηκεύτηκε σε:
Λεπτομέρειες βιβλιογραφικής εγγραφής
Κύριος συγγραφέας: Ψαριώτης, Θεόδωρος
Μορφή: Βιβλίο
Γλώσσα:Greek
Δημοσίευση: Αθήνα : Γρηγόρης, 2001
Θέματα:
Ετικέτες: Προσθήκη ετικέτας
Δεν υπάρχουν, Καταχωρήστε ετικέτα πρώτοι!

MARC

LEADER 00000nam a2200000 i 4500
001 1/52009
008 070821s2001 gre d
020 |a 960-333-269-0 
035 |l 10089882 
040 |a GR-MY-UA  |b gre  |e aacr 
041 0 |a gre 
082 0 |a 201.77  |2 (22) 
100 1 |a Ψαριώτης, Θεόδωρος. 
245 1 3 |a Το φυσικό περιβάλλον στην ορθόδοξη πίστη /  |c Ψαριώτης Θεόδωρος 
260 |a Αθήνα :   |b Γρηγόρης,   |c 2001 
300 |a 366 σ. ;  |c 21 εκ.  
504 |a περιέχει βιβλιογραφία 
650 0 0 |a Nature  |x Religious aspects  |x Christianity. 
650 0 0 |a Human ecology  |x Religious aspects  |x Christianity. 
852 |a INST  |b LESVOS  |e 20070821  |h 201.77 ΨΑΡ  |p 005100037732  |q 005100037732  |t BK  |y 0 
901 |a BIBL1-2007-2 
909 |a Λ  |b 136482 
922 |a 1ΕΛΗ  |b 2007-07  |c ΕΠΕΑΕΚ2/ΤΠ  |d Σ. ΠΑΤΑΚΗΣ 
970 |a ΧΑΤΖΗΜΙΧΑΗΛ  |b ΜΑΡΙΑ  |z 2007/08/21